Представление документа в формате MARC21

Поле Инд. ПП Название Значение
Тип записи a
Библиографический уровень m
001 Контрольный номер f58f98ecd85a4080864ccdd129308e91
005 Дата корректировки 20260608111528.4
040 a Служба первич. каталог. 10013504
b Код языка каталог. rus
e Правила каталог. PSBO
041 0_ a Код языка текста rus
084 a Индекс другой классификации/Индекс ББК доп.
090 a Полочн. индекс А181
x Авторский знак Б 46
r Идентификатор организации 10013504
100 1_ a Автор Бенгус Г.Ю.
245 10 a Заглавие Вопросы теории и методики проектирования установок для натурных усталостных испытаний крыльев тяжелых транспортных самолетов
b Продолж. заглавия автореферат диссертации ... кандидата технических наук : специальность 05.211 - Конструкция и проектирование летательных аппаратов
c Ответственность науч. рук. К.Д. Миртов; Рижский институт инженеров гражданской авиации им.Ленинского комсомола
260 a Место издания Рига
c Дата издания 1972
300 a Объем 28 с.
b Иллюстрации/ тип воспроизводства ил.
500 a Примечание Для служебного пользования
653 0_ a Ключевые слова АВТОРЕФЕРАТЫ
700 12 a Другие авторы Миртов К.Д.
e Роль лиц Научный руководитель
901 t Тип документа r
952 d Специальность 05.211 Конструкция и проектирование летательных аппаратов
a Тип литературы для КСУ ВШ БАНР
c Вид литературы автореферат